| 000 | 02229nam a2200421 c 4500 | ||
|---|---|---|---|
| 003 | BLK | ||
| 005 | 20240610161125.0 | ||
| 008 | 180408b bul|||||r ||||||| ||bul|| | ||
| 010 | _aKNG00073119000 | ||
| 020 |
_a954-340-042-3 _bиздат.: Ню медиа груп |
||
| 040 | _aBLK | ||
| 041 |
_aBUL _cBUL |
||
| 080 |
_aБългарски език в основното училище. Методика на обучението _b373.3.016:811.163.2 _x(079)(075.2) _z373.3.016:811.163.2(079)(075.2) |
||
| 080 |
_aБългарска литература в основното училище. Методика на обучението _b373.3.016:821.163.2 _x(079)(075.2) _z373.3.016:821.163.2(079)(075.2) |
||
| 100 | 1 |
_aДимитров, Борис _eпърви автор _9369596 |
|
| 700 | 1 |
_aИванова, Диана Петрова _eсъавт. _9370989 |
|
| 700 | 1 |
_aПеткова, Румяна Петкова _eсъавт. _9294107 |
|
| 139 |
_aДимитров, Борис и др. _bД 59 |
||
| 245 | 1 | 0 |
_aПримерни тестове по български език и литература за кандидатстване след VІІ клас _cБорис Димитров; съавт. Диана Петрова Иванова; съавт. Румяна Петкова Петкова. |
| 257 | _aBGR | ||
| 260 |
_аСофия _bНю медиа груп _c2007 _fСофия : Мултипринт |
||
| 300 |
_a137 с. _c20 см |
||
| 380 | _a3 | ||
| 500 | _aОфс. изд. | ||
| 650 | 4 |
_aБългарски език - тестове и задачи - учебници за основни училища _9256979 |
|
| 650 | 4 |
_aБългарска литература - тестове - учебници за училища _9265354 |
|
| 653 | _aбългарски език | ||
| 653 | _aбългарска литература | ||
| 653 | _aтестове | ||
| 653 | _aкандидат-гимназисти | ||
| 653 | _aучебни помагала | ||
| 852 | _aЦб 232489 | ||
| 856 | 4 |
_qpdf _u |
|
| 856 | 4 |
_qpdf _u |
|
| 942 |
_cKNG _n0 _01 |
||
| 944 |
_aCR _c19.03.2007 _lБояна Костадинова _k30551 |
||
| 944 |
_aED _c19.11.2014 _lф / _kЛюдмила_Стоянова |
||
| 999 |
_c68789 _d68789 |
||